Представление документа в формате MARC21

Поле Инд. ПП Название Значение
Тип записи a
Библиографический уровень b
001 Контрольный номер b8c03f4d9f8843a68134c1d7f76269f8
005 Дата корректировки 20200630193222.1
008 Кодируемые данные 20170331
040 b Код языка каталог. rus
e Правила каталог. PSBO
041 0_ a Код языка текста rus
084 a Индекс другой классификации/Индекс ББК 67.410.207(2Рос)
100 1_ a Автор Авдеева Е. В.
245 10 a Заглавие Неприкосновенность личности в системе принципов уголовного судопроизводства
520 0_ a Аннотация В статье рассматриваются становление и нормативное закрепление принципа неприкосновенности личности на международном и внутригосударственном уровнях, в частности, гарантии обеспечения свободы и личной неприкосновенности человека. Руководствуясь международными принципами и конституционными положениями, проанализированы нормы Уголовно-процессуального кодекса Российской Федерации, закрепляющие неприкосновенность личности как один из основополагающих принципов, обеспечивающих права и свободы человека. Осмысление принципа неприкосновенности личности в уголовном судопроизводстве на доктринальном уровне порождает ряд дискуссионных моментов, которые исследованы в статье
650 14 a Основная рубрика право; процессуальное право; уголовное процессуальное право
653 0_ a Ключевые слова заключение под стражу
a Ключевые слова личная свобода
a Ключевые слова меры пресечения
a Ключевые слова меры процессуального принуждения
a Ключевые слова незаконное задержание
a Ключевые слова неприкосновенность личности
a Ключевые слова права и свободы личности
a Ключевые слова принцип неприкосновенности
a Ключевые слова Россия
a Ключевые слова срок задержания
a Ключевые слова уголовное судопроизводство
a Ключевые слова уголовно-процессуальная деятельность
a Ключевые слова Уголовно-процессуальный кодекс РФ
a Ключевые слова уголовный процесс
773 08 t Заглавие источника Российская юстиция
d Дата издания источника 2020
g Прочая информация № 4. - С. 33 - 35
w Контрольный № источника d9163a71ea1647108cab3fccfb4b3d86
901 t Тип документа b